Medical language for modern health care

Αποθηκεύτηκε σε:
Λεπτομέρειες βιβλιογραφικής εγγραφής
Κύριος συγγραφέας: Allan, David M.
Μορφή: Βιβλίο
Γλώσσα:Undetermined
Έκδοση: Dubuque McGrawHill 2008
Θέματα:
Ετικέτες: Προσθήκη ετικέτας
Δεν υπάρχουν, Καταχωρήστε ετικέτα πρώτοι!
Thư viện lưu trữ: Trung tâm Học liệu Trường Đại học Cần Thơ
LEADER 00535nam a2200193Ia 4500
001 CTU_183652
008 210402s9999 xx 000 0 und d
082 |a 610.14 
082 |b A417 
100 |a Allan, David M. 
245 0 |a Medical language for modern health care 
245 0 |c David M. Allan, Karen D. Lockyer, Michelle A.Buchman 
260 |a Dubuque 
260 |b McGrawHill 
260 |c 2008 
650 |a Medicine 
650 |x Terminology 
904 |i Tuyen 
980 |a Trung tâm Học liệu Trường Đại học Cần Thơ